ભૂગોળ [Bd. 6, Schülerbd.] ધોરણ ૬
Bhūgōḷa [Bd. 6, Schülerbd.] Dhōraṇa 6

Gespeichert in:
Bibliographische Detailangaben
Körperschaft: Gujarāta Rājyanō (BerichterstatterIn)
Format: Buch
Sprache:Gujarati
Erschienen: Amadāvāda Gujarāta Rājya Śālā Pāṭhayapustaka Maṇḍaḷa ૧૯૭૨ [1972]
Ausgabe:Prathama āvr̥tti, punarmudraṇa [1. ed., reprinted]
Katalog:GEI:  Suchergebnis im Bibliothekskatalog
Schulbuchspezifische Eigenschaften:
Schlagworte:
Tags: Tag hinzufügen
Keine Tags, Fügen Sie den ersten Tag hinzu!
Hinzugefügt zu:12.04.2014
Geändert in:30.03.2013

MARC

LEADER 00000cam a2200000 cc4500
001 782843166
003 DE-627
005 20251207064337.0
007 tu
008 140413s1972 ii ||||| 00| ||guj c
035 |a (DE-627)782843166 
035 |a (DE-599)GBV782843166 
040 |a DE-627  |b ger  |c DE-627  |e rakwb 
041 |a guj 
044 |c XB-IN 
084 |a 30  |2 ssgn 
084 |a f2013:0532  |2 isced 
084 |a p2011:1  |2 isced 
242 1 0 |a 6. Klasse. - 6th class  |y guj 
245 0 0 |6 880-01  |a Bhūgōḷa  |n [Bd. 6, Schülerbd.]  |p Dhōraṇa 6  |c Gujarāta Rājyanō 
250 |6 880-01  |a Prathama āvr̥tti, punarmudraṇa [1. ed., reprinted] 
264 1 |6 880-01  |a Amadāvāda  |b Gujarāta Rājya Śālā Pāṭhayapustaka Maṇḍaḷa  |c ૧૯૭૨ [1972] 
300 |a 139 S.  |b Ill., graph. Darst., Kt. 
336 |a Text  |b txt  |2 rdacontent 
337 |a ohne Hilfsmittel zu benutzen  |b n  |2 rdamedia 
338 |a Band  |b nc  |2 rdacarrier 
546 |a In Gujarati-Schr., Text in Gujarati 
583 1 |a Archivierung prüfen  |c 20240324  |f DE-4165  |z 1  |2 pdager 
655 7 |a Schulbuch  |0 (DE-588)4053458-3  |0 (DE-627)104383704  |0 (DE-576)209103922  |2 gnd-content 
689 0 0 |D s  |0 (DE-588)4020219-7  |0 (DE-627)106318853  |0 (DE-576)208932437  |a Geografieunterricht  |2 gnd 
689 0 1 |D s  |0 (DE-588)4022349-8  |0 (DE-627)106309366  |0 (DE-576)208943153  |a Grundschule  |2 gnd 
689 0 2 |D g  |0 (DE-588)4026722-2  |0 (DE-627)104585129  |0 (DE-576)208967699  |a Indien  |2 gnd 
689 0 |5 (DE-627) 
710 2 |6 880-01  |a Gujarāta Rājyanō  |4 oth 
773 1 8 |w (DE-627)782843158  |w (DE-576)9782843156  |g [Bd. 6, Schülerbd.]  |q 6,S.1972  |7 nnam 
880 0 0 |6 245-01/Gujr  |a ભૂગોળ  |n [Bd. 6, Schülerbd.]  |p ધોરણ ૬  |c ગુજરાત રાજ્યનો 
880 |6 250-01/Gujr  |a પ્રથમ આવૃત્તિ, પુનર્મુદ્રણ 
880 1 |6 264-01/Gujr  |a અમદાવાદ  |b ગુજરાત રાજ્ય શાળા પાઠયપુસ્તક મંડળ  |c ૧૯૭૨ [1972] 
880 2 |6 710-01/Gujr  |a ગુજરાત રાજ્યનો  |4 oth 
912 |a GBV_ILN_216 
912 |a ISIL_DE-Bs78 
912 |a SYSFLAG_1 
912 |a GBV_KXP 
951 |a MV 
980 |2 216  |1 01  |x 3708  |b 1467967483  |c 00  |f --%%--  |d IND G-276(1,72)6  |e u  |j --%%--  |h 082.30.0276.0006.00.1972.001.  |y zsb  |z 31-03-13 
983 |2 216  |1 00  |x DE-Bs78  |8 00  |a l082 
983 |2 216  |1 00  |x DE-Bs78  |8 00  |a z504 
983 |2 216  |1 00  |x DE-Bs78  |8 00  |a dsb 
984 |2 216  |1 01  |x 3708  |a BS78$11766263 
985 |2 216  |1 01  |x 3708  |a 2014/2929 
995 |2 216  |1 01  |x 3708  |a 082.30.0276.0006.00.1972.001.